000
00296nam a22001217a 4500
008
250707b |||||||| |||| 00| 0 eng d
050
_a
HD1339
_b
.O53
100
_a
OLAYIDE, Olajuwon S.
245
_a
Nigerian Small Farms
260
_a
Ibadan
_b
Card Center Ltd
_c
1980
300
_a
315p.
942
_c
BK
999
_c
4159
_d
4159